| 000 | 01173nam a2200289 i 4500 | ||
|---|---|---|---|
| 003 | EG-ScBUE | ||
| 005 | 20231221103125.0 | ||
| 008 | 090729k19671968ua f 000 0 ara d | ||
| 040 |
_aEG-ScBUE _bara _erda _cEG-ScBUE _dEG-ScBUE |
||
| 043 | _af-ua--- | ||
| 082 | 0 | 4 |
_a962 _bم ق ر _222 |
| 100 | 1 |
_aمقريزي، أحمد بن علي، _d766-845 هـ، _eمؤلف. |
|
| 245 | 1 | 0 | _aخطط المقريزي. |
| 260 | _b ، | ||
| 264 | 1 |
_aالقاهرة : _bدار التحرير للطبع والنشر، _c1967-1968. |
|
| 300 |
_a3 مجلدات ؛ _c28 سم |
||
| 336 |
_2rdacontent _aنص _btxt |
||
| 337 |
_aبدون وسيط _2rdamedia _bn |
||
| 338 |
_aمجلد _bnc _2rdacarrier |
||
| 505 | _aالمجلد الأول. كتاب التحرير -- المجلد الثاني. المواعظ والاعتبار بذكر الخطط والآثار -- المجلد الثالث. المواعظ والاعتبار بذكر الخطط والآثار. | ||
| 590 | _adoaa mohamed | ||
| 650 | 7 |
_2BUEsh _aالآثار الإسلامية _zمصر. |
|
| 651 | 7 |
_98276 _aمصر _xتاريخ. _2BUEsh |
|
| 653 |
_bARALIT _cAugust2015 |
||
| 655 | _vReading book | ||
| 942 |
_2ddc _cBB |
||
| 999 |
_c12479 _d12479 |
||